Movies that Start with the letter R - Statistics

General Stats
  • This quiz has been taken 31 times
  • The average score is 5 of 20
Answer Stats
Description Movie % Correct
Band of outlaws led by a skilled archer battles against tyranny and injustice In medieval England Robinhood
79%
Photographer with a broken leg witnesses a murder while spying on his neighbors Rear Window
64%
Frontiersman is severely injured in a bear attack and is abandoned by his hunting crew Revenant, The
50%
Enmity of two exceptional Formula One racers pushes them to their limits Rush
46%
Boxer's ferocity in the ring propels him to the top but brings ruin to his life beyond it Raging bull
43%
Rat with a passion for cooking teams up with a young cook to pursue culinary dreams Ratatouille
39%
Struggling ex-boxer and son feel they've found a champion in a discarded robot Real Steel
36%
Little boy is held captive in a cabin with his mother since his birth, so he has never known the world outside Room
32%
After losing his sight following his brother's tragic death, a seven-year-old boy finds solace and purpose in playing the piano Ray
21%
Retired widow becomes obsessed with losing weight, leading to addiction to diet pills Requiem for a Dream
21%
Aristocrat's wife has to grapple with the spectral presence of the deceased first wife Rebecca
18%
Military unit battles an out-of-control supercomputer and mutated scientists turned zombies Resident evil
14%
Three art thieves trigger a global chase in a high-stakes game of cat and mouse Red Notice
11%
Troubled young woman's return home for her sister's wedding brings family tensions to the surface Rachel getting married
7%
Teenager and an older woman who once fell in love reunite a decade later during a Nazi trial. Reader, The
7%
College friends' reunion in Sweden takes a dark turn when they're stalked by a menacing presence Ritual, The
7%
Primatologist and geneticist team up to stop animals infected with a dangerous pathogen Rampage
4%
Broke college student confronts the cheater face-to-face after losing in a rigged online poker game Runner Runner
4%
Priest, woodcutter and peasant discuss the trial of a notorious bandit Rashomon
0%
Detective and psychoanalyst uncover evidence of a satanic cult while investigating a young woman's terrifying past Regression
0%
No matching quizzes found
Score Distribution
Percent of People with Each Score
Percentile by Number Answered
Your Score History
You have not taken this quiz